El Impacto de los acuerdos de Esquipulas II en la estrategia de la guerra de baja intensidad en Centroamérica /

Analiza la política exterior de la administración Reagan hacia Centroamérica. En El Salvador se dió una política de contrainsurgencia, en Nicaragua una estrategia de contención activa de la revolución, mediante la agresión militar, a través de la contra, bloqueo comercial, financiero e ideológico. E...

Olles dieđut

Furkejuvvon:
Bibliográfalaš dieđut
Váldodahkki: Lozano, Lucrecia
Materiálatiipa: Texto
Fáttát:
Fáddágilkorat: Lasit fáddágilkoriid
Eai fáddágilkorat, Lasit vuosttaš fáddágilkora!

MARC

LEADER 00000 a a2200000 04500
001 13814
003
040
100 |a Lozano, Lucrecia  
245 |a El Impacto de los acuerdos de Esquipulas II en la estrategia de la guerra de baja intensidad en Centroamérica /  |c Lucrecia Lozano 
520 |a Analiza la política exterior de la administración Reagan hacia Centroamérica. En El Salvador se dió una política de contrainsurgencia, en Nicaragua una estrategia de contención activa de la revolución, mediante la agresión militar, a través de la contra, bloqueo comercial, financiero e ideológico. El saldo de la intervención de Estados Unidos en el conflicto regional durante los ocho años de Reagan fueron: 1.- regionalización de la crisis, 2.- agudización de la crisis económica, 3.- polarización del espectro político regional, que borró de la escena política al "centro" político, 4.- la ampliación de la crisis al incorporarse a ella Panamá, en 1988 5.- la militarización del conflicto y el armamen. tismo en la región, 6.- la persistencia y profundización de la guerra civil en El Salvador. La firma de Esquipulas II por los países centroamericanos, tuvo las siguientes consecuencias en la guerra de baja intensidad de la administración Reagan: a.- sobredimensión de lo político sobre lo militar, el diálogo y la reconciliación como medios para lograr la pacifiación b.- "centroamericanización" de la crisis, mayor autonomía de los presidentes a las políticas dictadas por Washington: 3.- paralización, por parte del Congreso, a la ayuda militar a la contra. AR/JM  
650 |a RELACIONES INTERNACIONALES  
650 |a CRISIS ESTRUCTURAL  
650 |a CONTRARREVOLUCION  
650 |a PLANES DE PAZ  
650 |a GUERRA CIVIL  
773 |g número 27; páginas 19-31  
999 |c 39543  |d 39543 
773 0 |0 42998  |9 4961  |a Universidad Nacional de Costa Rica.  |d Heredia, Costa Rica: Universidad Nacional. Escuela de Relaciones Internacionales  |o MFN: 1542  |t Relaciones Internacionales/  |x 10180583